00332nam a2200121Ia 4500008004000000041000800040082001500048100002000063245004400083260002900127300001200156650004200168210210b2000 xxu||||| |||| 00| 0 eng d aeng a361.3 SACS aSACHDEVA (D R). aSocial welfare administration in India. aPatnabKitab mahalc2000 axiv,675 aSocial welfare India social welfare